| 000 | 00456nam a2200169Ia 4500 | ||
|---|---|---|---|
| 008 | 240729s9999 xx 000 0 und d | ||
| 022 | _a2673-3951 | ||
| 245 | 0 | _aModelling | |
| 260 | _aSwitzerland | ||
| 260 | _bMDPI AG | ||
| 650 | _a Engineering (General). Civil engineering (General) | ||
| 650 | _a Engineering design | ||
| 650 | _aTechnology | ||
| 856 | _uhttps://doaj.org/toc/c16c0b63b437440dbdbbf53a298c01c7 | ||
| 942 | _2ddc | ||
| 942 | _cDOAJEJ | ||
| 999 |
_c71982 _d71982 |
||
| 945 |
_a1 _bMadushi Gamage _c1 _dMadushi Gamage |
||